Vịnh Hạ Long

שמור ב:
מידע ביבליוגרפי
מחבר ראשי: Thi Sảnh
פורמט: ספר
שפה:Undetermined
יצא לאור: Hà nội Văn hóa 1978
נושאים:
תגים: הוספת תג
אין תגיות, היה/י הראשונ/ה לתייג את הרשומה!
Thư viện lưu trữ: Trung tâm Học liệu Trường Đại học Cần Thơ
LEADER 00486nam a2200193Ia 4500
001 CTU_10374
008 210402s9999 xx 000 0 und d
082 |a 915.97 
082 |b Th300 
100 |a Thi Sảnh 
245 0 |a Vịnh Hạ Long 
245 0 |c Thi Sảnh 
260 |a Hà nội 
260 |b Văn hóa 
260 |c 1978 
650 |a Vietnam 
650 |x Description and travel 
904 |i Minh, 961008 
980 |a Trung tâm Học liệu Trường Đại học Cần Thơ